| 000 | 01490nam a22004572 4500 | ||
|---|---|---|---|
| 001 | 181882695X | ||
| 003 | DE-627 | ||
| 005 | 20230630204610.0 | ||
| 007 | tu | ||
| 008 | 221012s2023 gw ||||| 00| ||ger c | ||
| 015 |
_a22,N41 _2dnb |
||
| 016 | 7 |
_a1269613677 _2DE-101 |
|
| 020 |
_a9783506790866 _9978-3-506-79086-6 |
||
| 020 |
_a3506790862 _93-506-79086-2 |
||
| 024 | 3 | _a9783506790866 | |
| 035 | _a(DE-627)181882695X | ||
| 035 | _a(DE-599)DNB1269613677 | ||
| 035 | _a(OCoLC)1347272788 | ||
| 040 |
_aDE-627 _bger _cDE-627 |
||
| 041 | _ager | ||
| 044 | _cXA-DE-NW | ||
| 100 | 1 |
_avon Hohenthal, Andrea Gräfin _eVerfasserIn _4aut _924038 |
|
| 245 | 1 | 0 |
_aGriff nach der Psyche? _bPsychologie im Ersten Weltkrieg in Großbritannien und Deutschland _cAndrea Gräfin von Hohenthal |
| 250 | _a1. Auflage | ||
| 263 | _a202303 | ||
| 264 | 1 |
_aPaderborn : _bBrill | Schöningh, _c2023 |
|
| 300 | _a1 Online-Ressource (630 Seiten) | ||
| 336 |
_2rdacontent _aText _btxt |
||
| 337 |
_2rdamedia _aComputermedien _bbc |
||
| 338 |
_2rdacarrier _aOnline Ressource _bcr |
||
| 490 | 0 |
_aKrieg in der Geschichte _v120 |
|
| 500 | _aE-Book / Zugriff nur im DHI-Lesesaal | ||
| 650 | 7 |
_2gnd _aPsychologie |
|
| 650 | 7 |
_2gnd _aErster Weltkrieg |
|
| 651 | 7 |
_2gnd _aGroßbritannien |
|
| 651 | 7 |
_2gnd _aDeutschland |
|
| 655 | 7 | _aHochschulschrift | |
| 856 |
_uhttps://doi.org/10.30965/9783657790869 _zVolltext |
||
| 942 |
_2z _cEB |
||
| 999 |
_c62555 _d62555 |
||